Journeys 3 : Writing

שמור ב:
מידע ביבליוגרפי
מחבר ראשי: Silver, Rita
פורמט: ספר
שפה:Undetermined
יצא לאור: Singapore Prentice Hall 1999
נושאים:
תגים: הוספת תג
אין תגיות, היה/י הראשונ/ה לתייג את הרשומה!
Thư viện lưu trữ: Trung tâm Học liệu Trường Đại học Cần Thơ
LEADER 00536nam a2200217Ia 4500
001 CTU_94055
008 210402s9999 xx 000 0 und d
020 |c 108000 
082 |a 428.24 
082 |b S587/B.3 
100 |a Silver, Rita 
245 0 |a Journeys 3 : 
245 0 |b Writing 
245 0 |c Rita Silver 
260 |a Singapore 
260 |b Prentice Hall 
260 |c 1999 
650 |a English language 
650 |x Study and teaching 
904 |i Tuyến 
980 |a Trung tâm Học liệu Trường Đại học Cần Thơ